Les 10 villes les plus peuplées de l'Orne (61) - Statistiques

Statistiques générales
  • Ce quiz a été pris 47 fois
  • Le résultat moyen est 6 sur 10
Statistiques - réponses
Population Communes % Correct
25 700 Alençon
100%
13 500 Argentan
93%
14 300 Flers
87%
7 800 L'Aigle
70%
4 200 Sées
59%
5 100 La Ferté Macé
54%
3 900 Mortagne-au-Perche
54%
4 100 Domfront en Poiraie
17%
4 900 Tinchebray-Bocage
13%
4 200 Athis-Val de Rouvre
9%
Aucun quiz correspondant
Distribution des résultats
% des personnes avec chaque résultat
Percentile par nombre de réponses
Votre historique - résultats
Vous n’avez pas pris ce quiz